000 03792nam a22004211 4500
005 20050808122104.0
008 721219s1962 nyu | 00| 0 eng
010 _aENG-93766
020 _a8189412493
_c400.00
035 _aEN-77299
035 _aB-341109-121
037 _bDBAD / PUB
037 _bAvishkar Prakashan
040 _adpl
_bEnglish
082 _a025.34
100 _aPramod Kumar Singh
245 _aLibrary cataloguing in computer age /
_cby Pramod Kumar Singh
260 _aNew Delhi
_bAvishkar Prakashan
_c2008
270 _aL-20/13, Gali No.5, Chivaji Marg, Kartar Nagar
_b Delhi
_e110053
300 _aviii, 272 p
_c23 cm. (Hb)
500 _aincludes index
942 _cEN
_h025.34
_mPRA
_2ddc
999 _c24456
_d24456